Guida orario di Biella e biellese. Con indicazioni utili al forestiere

Saved in:
Bibliographic Details
Format: Book
Language:Italian
Published: Biella Amosso 1886
Textbook Catalogue:EDISCO:  Library Catalog Search Result
Textbook Classification:
Tags: Add Tag
No Tags, Be the first to tag this record!
Added to:2016-04-30
Changed in:2017-10-18

MARC

LEADER 00000aam a22000007 4500
001 03304
003 OSt
005 20171018093751.0
008 160501s1886 it 000 0 ita
040 |c Gianfranco Bandini - Firenze - CLIO 
041 1 |a ita 
245 0 0 |a Guida orario di Biella e biellese. Con indicazioni utili al forestiere 
260 |a Biella  |b Amosso  |c 1886 
300 |a 54, XVI, 1/x ;  
901 |a 7 
942 |2 ddc  |c BK 
546 |a ita 
999 |c 3293  |d 3293 
999 |c edisco:3293  |d 3293